[Event "26th 4NCL Congress"]
[Site "Woodland Grange, Leamington Spa"]
[Date "2021.09.12"]
[Round "5.17"]
[White "Zhu, Yaoyao"]
[Black "Bansal, Rohan"]
[Result "1/2-1/2"]
[WhiteElo "1993"]
[BlackElo "2108"]
[PlyCount "0"]
[EventDate "2021.09.10"]

1. e4 {[%clk 01:30:55]} {[%emt 00:00:06]} e6 {[%clk 01:30:55]} {[%emt
00:00:03]} 2. d3 {[%clk 01:30:43]} {[%emt 00:00:43]} c5 {[%clk 01:31:20]}
{[%emt 00:00:05]} 3. Nf3 {[%clk 01:30:32]} {[%emt 00:00:41]} Nc6 {[%clk
01:31:44]} {[%emt 00:00:06]} 4. g3 {[%clk 01:30:42]} {[%emt 00:00:20]} g6
{[%clk 01:32:07]} {[%emt 00:00:07]} 5. Bg2 {[%clk 01:30:52]} {[%emt 00:00:20]}
Bg7 {[%clk 01:32:26]} {[%emt 00:00:10]} 6. O-O {[%clk 01:31:01]} {[%emt
00:00:21]} Nge7 {[%clk 01:32:50]} {[%emt 00:00:07]} 7. c3 {[%clk 01:27:15]}
{[%emt 00:04:16]} O-O {[%clk 01:33:08]} {[%emt 00:00:11]} 8. Re1 {[%clk
01:24:29]} {[%emt 00:03:17]} d5 {[%clk 01:33:31]} {[%emt 00:00:07]} 9. e5
{[%clk 01:23:31]} {[%emt 00:01:28]} b5 {[%clk 01:26:52]} {[%emt 00:07:09]} 10.
Be3 {[%clk 01:14:51]} {[%emt 00:09:09]} Nxe5 {[%clk 00:56:30]} {[%emt
00:30:52]} 11. Nxe5 {[%clk 01:14:17]} {[%emt 00:01:04]} Bxe5 {[%clk 00:56:54]}
{[%emt 00:00:06]} 12. Bxc5 {[%clk 01:14:35]} {[%emt 00:00:12]} Bd6 {[%clk
00:57:05]} {[%emt 00:00:19]} 13. Bxd6 {[%clk 01:08:06]} {[%emt 00:06:59]} Qxd6
{[%clk 00:57:05]} {[%emt 00:00:30]} 14. d4 {[%clk 01:05:35]} {[%emt 00:03:01]}
a5 {[%clk 00:53:51]} {[%emt 00:03:43]} 15. Nd2 {[%clk 00:57:12]} {[%emt
00:08:53]} a4 {[%clk 00:14:24]} {[%emt 00:39:57]} 16. a3 {[%clk 00:57:03]}
{[%emt 00:00:39]} Nc6 {[%clk 00:14:07]} {[%emt 00:00:46]} 17. h4 {[%clk
00:52:28]} {[%emt 00:05:05]} Bd7 {[%clk 00:10:23]} {[%emt 00:04:14]} 18. Nf3
{[%clk 00:50:37]} {[%emt 00:02:22]} f6 {[%clk 00:10:36]} {[%emt 00:00:17]} 19.
Qd2 {[%clk 00:37:15]} {[%emt 00:13:52]} Kg7 {[%clk 00:10:54]} {[%emt 00:00:10]}
20. Nh2 {[%clk 00:28:46]} {[%emt 00:09:00]} Ne7 {[%clk 00:06:46]} {[%emt
00:04:38]} 21. Re2 {[%clk 00:23:59]} {[%emt 00:05:17]} Rae8 {[%clk 00:03:46]}
{[%emt 00:03:30]} 22. Nf3 {[%clk 00:22:58]} {[%emt 00:01:31]} Nc6 {[%clk
00:03:41]} {[%emt 00:00:35]} 23. Ne1 {[%clk 00:22:48]} {[%emt 00:00:40]} Re7
{[%clk 00:02:06]} {[%emt 00:02:05]} 24. Nd3 {[%clk 00:19:42]} {[%emt 00:03:36]}
e5 {[%clk 00:02:14]} {[%emt 00:00:23]} 25. dxe5 {[%clk 00:19:50]} {[%emt
00:00:21]} fxe5 {[%clk 00:02:39]} {[%emt 00:00:05]} 26. Nb4 {[%clk 00:16:23]}
{[%emt 00:03:58]} Nxb4 {[%clk 00:02:37]} {[%emt 00:00:32]} 27. axb4 {[%clk
00:16:51]} {[%emt 00:00:02]} Bc6 {[%clk 00:02:40]} {[%emt 00:00:26]} 28. Rd1
{[%clk 00:16:30]} {[%emt 00:00:50]} Rd8 {[%clk 00:01:46]} {[%emt 00:01:24]} 29.
h5 {[%clk 00:14:01]} {[%emt 00:03:00]} Qf6 {[%clk 00:01:25]} {[%emt 00:00:51]}
30. h6+ {[%clk 00:11:26]} {[%emt 00:03:05]} Kg8 {[%clk 00:01:35]} {[%emt
00:00:20]} 31. Qe3 {[%clk 00:10:13]} {[%emt 00:01:44]} Qd6 {[%clk 00:01:02]}
{[%emt 00:01:02]} 32. f4 {[%clk 00:06:35]} {[%emt 00:04:09]} Rde8 {[%clk
00:01:01]} {[%emt 00:00:31]} 33. Qd2 {[%clk 00:05:07]} {[%emt 00:01:57]} exf4
{[%clk 00:00:52]} {[%emt 00:00:39]} 34. Rxe7 {[%clk 00:05:32]} {[%emt
00:00:06]} Qxe7 {[%clk 00:00:45]} {[%emt 00:00:35]} 35. Bxd5+ {[%clk 00:05:56]}
{[%emt 00:00:06]} Bxd5 {[%clk 00:01:06]} {[%emt 00:00:10]} 36. Qxd5+ {[%clk
00:06:23]} {[%emt 00:00:03]} Kf8 {[%clk 00:00:58]} {[%emt 00:00:37]} 37. Qd4
{[%clk 00:02:55]} {[%emt 00:03:58]} Qe3+ {[%clk 00:01:02]} {[%emt 00:00:26]} 38.
Qxe3 {[%clk 00:03:24]} {[%emt 00:00:02]} fxe3 {[%clk 00:01:24]} {[%emt
00:00:08]} 39. Re1 {[%clk 00:03:52]} {[%emt 00:00:02]} Kf7 {[%clk 00:01:42]}
{[%emt 00:00:12]} 40. Kg2 {[%clk 00:04:05]} {[%emt 00:00:17]} Kf6 {[%clk
00:01:27]} {[%emt 00:00:45]} 41. Kf3 {[%clk 00:03:27]} {[%emt 00:01:08]} Kg5
{[%clk 00:01:52]} {[%emt 00:00:06]} 42. Rxe3 {[%clk 00:03:51]} {[%emt
00:00:06]} Rf8+ {[%clk 00:01:48]} {[%emt 00:00:34]} 43. Ke4 {[%emt 00:01:03]}
Kxh6 {[%clk 00:02:14]} {[%emt 00:00:02]} 44. Kd5 {[%clk 00:03:17]} {[%emt
00:00:32]} 1/2-1/2

[Event "26th 4NCL Congress"]
[Site "Woodland Grange, Leamington Spa"]
[Date "2021.09.12"]
[Round "5.18"]
[White "Bansal, Saahil"]
[Black "Ireland, David J"]
[Result "0-1"]
[WhiteElo "2019"]
[BlackElo "2080"]
[PlyCount "0"]
[EventDate "2021.09.10"]

1. d4 {[%clk 01:30:57]} {[%emt 00:00:02]} Nf6 {[%clk 01:28:18]} {[%emt
00:02:42]} 2. c4 {[%clk 01:31:22]} {[%emt 00:00:06]} c5 {[%clk 01:28:45]}
{[%emt 00:00:03]} 3. Nf3 {[%clk 01:31:39]} {[%emt 00:00:13]} cxd4 {[%clk
01:29:08]} {[%emt 00:00:06]} 4. Nxd4 {[%clk 01:32:04]} {[%emt 00:00:05]} e5
{[%clk 01:29:28]} {[%emt 00:00:10]} 5. Nb5 {[%clk 01:32:29]} {[%emt 00:00:06]}
d5 {[%clk 01:29:49]} {[%emt 00:00:08]} 6. cxd5 {[%clk 01:32:42]} {[%emt
00:00:18]} Bc5 {[%clk 01:29:55]} {[%emt 00:00:23]} 7. N5c3 {[%clk 01:30:56]}
{[%emt 00:02:16]} O-O {[%clk 01:23:50]} {[%emt 00:06:35]} 8. g3 {[%clk
01:28:55]} {[%emt 00:02:32]} Qb6 {[%clk 01:21:23]} {[%emt 00:02:56]} 9. e3
{[%clk 01:28:23]} {[%emt 00:01:02]} Bg4 {[%clk 01:20:08]} {[%emt 00:01:45]} 10.
Be2 {[%clk 01:28:02]} {[%emt 00:00:51]} Bxe2 {[%clk 01:19:31]} {[%emt
00:01:07]} 11. Qxe2 {[%clk 01:27:31]} {[%emt 00:01:02]} e4 {[%clk 01:18:29]}
{[%emt 00:01:31]} 12. Nd2 {[%clk 01:26:05]} {[%emt 00:01:55]} Re8 {[%clk
01:16:44]} {[%emt 00:02:15]} 13. Qc4 {[%clk 01:19:38]} {[%emt 00:06:59]} Bb4
{[%clk 01:11:53]} {[%emt 00:05:20]} 14. O-O {[%clk 01:13:28]} {[%emt 00:06:39]}
Bxc3 {[%clk 01:07:23]} {[%emt 00:05:00]} 15. bxc3 {[%clk 01:13:47]} {[%emt
00:00:11]} Qd6 {[%clk 01:05:58]} {[%emt 00:01:54]} 16. Rd1 {[%clk 01:02:15]}
{[%emt 00:12:03]} Nbd7 {[%clk 01:03:21]} {[%emt 00:03:08]} 17. Qd4 {[%clk
01:01:11]} {[%emt 00:01:35]} Re5 {[%clk 00:54:16]} {[%emt 00:09:34]} 18. Nc4
{[%clk 00:59:22]} {[%emt 00:02:19]} Qe7 {[%clk 00:48:28]} {[%emt 00:06:17]} 19.
Ba3 {[%clk 00:53:51]} {[%emt 00:06:02]} Qe8 {[%clk 00:48:46]} {[%emt 00:00:12]}
20. Nxe5 {[%clk 00:53:44]} {[%emt 00:00:38]} Nxe5 {[%clk 00:49:12]} {[%emt
00:00:04]} 21. Qb4 {[%clk 00:50:15]} {[%emt 00:03:59]} Qd7 {[%clk 00:47:08]}
{[%emt 00:02:33]} 22. Qe7 {[%clk 00:35:25]} {[%emt 00:15:21]} Qf5 {[%clk
00:40:56]} {[%emt 00:06:44]} 23. Qxb7 {[%clk 00:33:06]} {[%emt 00:02:47]} Re8
{[%clk 00:40:08]} {[%emt 00:01:17]} 24. d6 {[%clk 00:28:12]} {[%emt 00:05:25]}
Qh3 {[%clk 00:37:48]} {[%emt 00:02:50]} 25. f4 {[%clk 00:17:12]} {[%emt
00:11:30]} Nf3+ {[%clk 00:34:20]} {[%emt 00:03:57]} 26. Kf2 {[%clk 00:17:38]}
{[%emt 00:00:05]} Ng4+ {[%clk 00:33:33]} {[%emt 00:01:17]} 27. Ke2 {[%clk
00:17:54]} {[%emt 00:00:15]} Qg2# {[%clk 00:33:17]} {[%emt 00:00:12]} 28. Ke1
{[%emt 00:00:06]} 0-1

[Event "26th 4NCL Congress"]
[Site "Woodland Grange, Leamington Spa"]
[Date "2021.09.12"]
[Round "5.19"]
[White "Saunders, Aron"]
[Black "Moyse, Nigel J"]
[Result "1-0"]
[WhiteElo "1908"]
[BlackElo "2067"]
[PlyCount "0"]
[EventDate "2021.09.10"]

1. e4 {[%clk 01:30:58]} {[%emt 00:00:02]} d6 {[%clk 01:29:29]} {[%emt
00:01:32]} 2. d4 {[%clk 01:31:21]} {[%emt 00:00:07]} Nf6 {[%clk 01:29:45]}
{[%emt 00:00:14]} 3. Bd3 {[%clk 01:31:47]} {[%emt 00:00:05]} e5 {[%clk
01:27:50]} {[%emt 00:02:24]} 4. dxe5 {[%clk 01:30:22]} {[%emt 00:01:54]} dxe5
{[%clk 01:27:45]} {[%emt 00:00:35]} 5. Nf3 {[%clk 01:29:00]} {[%emt 00:01:53]}
c6 {[%clk 01:24:19]} {[%emt 00:03:56]} 6. O-O {[%clk 01:28:16]} {[%emt
00:01:14]} Qc7 {[%clk 01:23:36]} {[%emt 00:01:14]} 7. h3 {[%clk 01:25:23]}
{[%emt 00:03:23]} h6 {[%clk 01:23:24]} {[%emt 00:00:41]} 8. Bd2 {[%clk
01:24:14]} {[%emt 00:01:40]} Be6 {[%clk 01:22:53]} {[%emt 00:01:00]} 9. Bc3
{[%clk 01:23:06]} {[%emt 00:01:38]} Nbd7 {[%clk 01:22:12]} {[%emt 00:01:12]} 10.
Nbd2 {[%clk 01:18:07]} {[%emt 00:05:28]} b5 {[%clk 01:21:55]} {[%emt 00:00:47]}
11. b4 {[%clk 01:15:58]} {[%emt 00:02:39]} a6 {[%clk 01:09:52]} {[%emt
00:12:33]} 12. Nh4 {[%clk 01:10:52]} {[%emt 00:05:36]} c5 {[%clk 01:04:59]}
{[%emt 00:05:23]} 13. bxc5 {[%clk 01:07:15]} {[%emt 00:04:07]} Nxc5 {[%clk
01:01:44]} {[%emt 00:03:44]} 14. Bb2 {[%clk 01:05:26]} {[%emt 00:02:20]} Na4
{[%clk 00:53:17]} {[%emt 00:08:57]} 15. Qc1 {[%clk 01:01:29]} {[%emt 00:04:27]}
Nxb2 {[%clk 00:50:51]} {[%emt 00:02:56]} 16. Qxb2 {[%clk 01:01:54]} {[%emt
00:00:06]} Bc5 {[%clk 00:48:56]} {[%emt 00:02:25]} 17. Ndf3 {[%clk 01:00:23]}
{[%emt 00:02:00]} Nd7 {[%clk 00:47:41]} {[%emt 00:01:46]} 18. a4 {[%clk
00:56:35]} {[%emt 00:04:19]} b4 {[%clk 00:43:35]} {[%emt 00:04:35]} 19. Nf5
{[%clk 00:52:46]} {[%emt 00:04:19]} O-O {[%clk 00:41:46]} {[%emt 00:02:19]} 20.
Rad1 {[%clk 00:50:39]} {[%emt 00:02:37]} f6 {[%clk 00:36:43]} {[%emt 00:05:33]}
21. N3h4 {[%clk 00:46:48]} {[%emt 00:04:21]} Kh7 {[%clk 00:36:19]} {[%emt
00:00:54]} 22. Qc1 {[%clk 00:45:23]} {[%emt 00:01:55]} Nb6 {[%clk 00:35:13]}
{[%emt 00:01:36]} 23. Qd2 {[%clk 00:42:39]} {[%emt 00:03:14]} Nxa4 {[%clk
00:34:31]} {[%emt 00:01:12]} 24. Kh1 {[%clk 00:40:20]} {[%emt 00:02:48]} Nc3
{[%clk 00:34:00]} {[%emt 00:01:02]} 25. Rde1 {[%clk 00:39:27]} {[%emt
00:01:23]} Rad8 {[%clk 00:31:13]} {[%emt 00:03:17]} 26. f4 {[%clk 00:38:29]}
{[%emt 00:01:28]} exf4 {[%clk 00:29:15]} {[%emt 00:02:28]} 27. e5 {[%clk
00:34:17]} {[%emt 00:04:43]} g6 {[%clk 00:25:25]} {[%emt 00:04:20]} 28. Nxg6
{[%clk 00:30:46]} {[%emt 00:04:01]} Kxg6 {[%clk 00:21:14]} {[%emt 00:04:41]} 29.
Qxf4 {[%clk 00:29:27]} {[%emt 00:01:48]} Rxd3 {[%clk 00:20:13]} {[%emt
00:01:31]} 30. Qxh6+ {[%clk 00:28:00]} {[%emt 00:01:57]} Kf7 {[%clk 00:20:31]}
{[%emt 00:00:11]} 31. Qg7+ {[%clk 00:28:01]} {[%emt 00:00:29]} Ke8 {[%clk
00:20:59]} {[%emt 00:00:02]} 32. Qxc7 {[%clk 00:28:21]} {[%emt 00:00:11]} Rd5
{[%clk 00:20:00]} {[%emt 00:01:29]} 33. Ng7# {[%clk 00:28:06]} {[%emt
00:00:12]} 1-0

[Event "26th 4NCL Congress"]
[Site "Woodland Grange, Leamington Spa"]
[Date "2021.09.12"]
[Round "5.20"]
[White "Gomez, Daniel"]
[Black "Southcott-Moyers, Indy"]
[Result "1/2-1/2"]
[WhiteElo "2040"]
[BlackElo "1668"]
[PlyCount "0"]
[EventDate "2021.09.10"]

1. e4 {[%clk 01:29:57]} {[%emt 00:01:02]} e5 {[%clk 01:30:56]} {[%emt
00:00:04]} 2. Nf3 {[%clk 01:30:21]} {[%emt 00:00:05]} Nc6 {[%clk 01:31:22]}
{[%emt 00:00:06]} 3. Bb5 {[%clk 01:30:36]} {[%emt 00:00:15]} Nf6 {[%clk
01:31:28]} {[%emt 00:00:24]} 4. O-O {[%clk 01:30:23]} {[%emt 00:00:43]} Nxe4
{[%clk 01:31:50]} {[%emt 00:00:08]} 5. d4 {[%clk 01:30:37]} {[%emt 00:00:16]}
Nd6 {[%clk 01:32:13]} {[%emt 00:00:07]} 6. Bxc6 {[%clk 01:30:58]} {[%emt
00:00:09]} dxc6 {[%clk 01:32:38]} {[%emt 00:00:06]} 7. dxe5 {[%clk 01:31:19]}
{[%emt 00:00:08]} Nf5 {[%clk 01:33:01]} {[%emt 00:00:07]} 8. Qxd8+ {[%clk
01:31:27]} {[%emt 00:00:22]} Kxd8 {[%clk 01:33:27]} {[%emt 00:00:05]} 9. Nc3
{[%clk 01:31:50]} {[%emt 00:00:07]} Ke8 {[%clk 01:32:27]} {[%emt 00:01:30]} 10.
Rd1 {[%clk 01:27:19]} {[%emt 00:05:00]} Be7 {[%clk 01:31:16]} {[%emt 00:01:41]}
11. Ne4 {[%clk 01:26:24]} {[%emt 00:01:25]} h6 {[%clk 01:24:54]} {[%emt
00:06:53]} 12. b3 {[%clk 01:08:03]} {[%emt 00:18:52]} Be6 {[%clk 01:20:28]}
{[%emt 00:04:54]} 13. Bb2 {[%clk 01:03:39]} {[%emt 00:04:56]} Rd8 {[%clk
01:15:33]} {[%emt 00:05:25]} 14. Ne1 {[%clk 00:56:02]} {[%emt 00:08:07]} c5
{[%clk 01:09:52]} {[%emt 00:06:11]} 15. Nd3 {[%clk 00:53:25]} {[%emt 00:03:07]}
b6 {[%clk 01:07:26]} {[%emt 00:02:56]} 16. Nf4 {[%clk 00:52:40]} {[%emt
00:01:15]} Nd4 {[%clk 01:04:00]} {[%emt 00:03:57]} 17. c3 {[%clk 00:46:30]}
{[%emt 00:06:40]} Nf5 {[%clk 01:02:47]} {[%emt 00:01:43]} 18. Kf1 {[%clk
00:42:53]} {[%emt 00:04:07]} a5 {[%clk 00:58:45]} {[%emt 00:04:31]} 19. c4
{[%clk 00:34:38]} {[%emt 00:08:46]} Nd4 {[%clk 00:57:10]} {[%emt 00:02:05]} 20.
Nxe6 {[%clk 00:34:33]} {[%emt 00:00:35]} fxe6 {[%clk 00:56:39]} {[%emt
00:01:00]} 21. Nc3 {[%clk 00:31:39]} {[%emt 00:03:24]} Kf7 {[%clk 00:54:32]}
{[%emt 00:02:37]} 22. Ne2 {[%clk 00:31:45]} {[%emt 00:00:24]} Nf5 {[%clk
00:54:12]} {[%emt 00:00:50]} 23. Ke1 {[%clk 00:27:37]} {[%emt 00:04:39]} Nh4
{[%clk 00:53:53]} {[%emt 00:00:49]} 24. Kf1 {[%clk 00:27:27]} {[%emt 00:00:39]}
Nf5 {[%clk 00:54:15]} {[%emt 00:00:09]} 25. Ke1 {[%clk 00:27:53]} {[%emt
00:00:04]} Nh4 {[%clk 00:54:41]} {[%emt 00:00:04]} 1/2-1/2

[Event "26th 4NCL Congress"]
[Site "Woodland Grange, Leamington Spa"]
[Date "2021.09.12"]
[Round "5.21"]
[White "Brixel, Christof"]
[Black "Alizada, Eldar A"]
[Result "1-0"]
[WhiteElo "2088"]
[BlackElo "2028"]
[PlyCount "0"]
[EventDate "2021.09.10"]

1. Nf3 {[%clk 01:30:48]} {[%emt 00:00:11]} d5 {[%clk 01:30:45]} {[%emt
00:00:16]} 2. b4 {[%clk 01:31:04]} {[%emt 00:00:14]} e6 {[%clk 01:30:25]}
{[%emt 00:00:50]} 3. Bb2 {[%clk 01:31:26]} {[%emt 00:00:07]} Nf6 {[%clk
01:30:44]} {[%emt 00:00:12]} 4. b5 {[%clk 01:31:48]} {[%emt 00:00:08]} a6
{[%clk 01:26:17]} {[%emt 00:04:57]} 5. a4 {[%clk 01:32:05]} {[%emt 00:00:12]}
axb5 {[%clk 01:25:54]} {[%emt 00:00:54]} 6. axb5 {[%clk 01:32:33]} {[%emt
00:00:02]} Rxa1 {[%clk 01:26:18]} {[%emt 00:00:06]} 7. Bxa1 {[%clk 01:32:57]}
{[%emt 00:00:06]} c5 {[%clk 01:22:44]} {[%emt 00:04:04]} 8. e3 {[%clk
01:32:44]} {[%emt 00:00:42]} Be7 {[%clk 01:17:22]} {[%emt 00:05:52]} 9. c4
{[%clk 01:31:35]} {[%emt 00:01:40]} O-O {[%clk 01:16:21]} {[%emt 00:01:31]} 10.
Be2 {[%clk 01:31:55]} {[%emt 00:00:09]} dxc4 {[%clk 01:13:42]} {[%emt
00:03:09]} 11. O-O {[%clk 01:25:58]} {[%emt 00:06:27]} b6 {[%clk 01:11:55]}
{[%emt 00:02:17]} 12. Na3 {[%clk 01:25:34]} {[%emt 00:00:54]} Bb7 {[%clk
01:06:34]} {[%emt 00:05:51]} 13. Nxc4 {[%clk 01:25:19]} {[%emt 00:00:45]} Nbd7
{[%clk 01:04:40]} {[%emt 00:02:25]} 14. Nfe5 {[%clk 01:22:12]} {[%emt
00:03:38]} Nxe5 {[%clk 00:56:11]} {[%emt 00:08:59]} 15. Nxe5 {[%clk 01:13:49]}
{[%emt 00:08:52]} Qa8 {[%clk 00:44:40]} {[%emt 00:12:01]} 16. Bf3 {[%clk
01:12:24]} {[%emt 00:01:55]} Bxf3 {[%clk 00:44:26]} {[%emt 00:00:44]} 17. Qxf3
{[%clk 01:03:39]} {[%emt 00:09:15]} Qxf3 {[%clk 00:43:59]} {[%emt 00:00:57]} 18.
gxf3 {[%clk 01:03:55]} {[%emt 00:00:14]} Ra8 {[%clk 00:36:05]} {[%emt
00:08:25]} 19. Rb1 {[%clk 01:00:25]} {[%emt 00:03:59]} Ra2 {[%clk 00:27:28]}
{[%emt 00:09:07]} 20. d4 {[%clk 00:36:56]} {[%emt 00:23:59]} h6 {[%clk
00:23:52]} {[%emt 00:04:06]} 21. Rd1 {[%clk 00:32:57]} {[%emt 00:04:29]} Rc2
{[%clk 00:18:07]} {[%emt 00:06:15]} 22. Nc6 {[%clk 00:27:35]} {[%emt 00:05:53]}
Bf8 {[%clk 00:15:42]} {[%emt 00:02:55]} 23. dxc5 {[%clk 00:15:49]} {[%emt
00:12:16]} Bxc5 {[%clk 00:14:24]} {[%emt 00:01:48]} 24. Rd8+ {[%clk 00:15:44]}
{[%emt 00:00:35]} Kh7 {[%clk 00:14:29]} {[%emt 00:00:25]} 25. Bd4 {[%clk
00:15:22]} {[%emt 00:00:51]} Bxd4 {[%clk 00:13:03]} {[%emt 00:01:57]} 26. Nxd4
{[%clk 00:14:50]} {[%emt 00:01:02]} Rb2 {[%clk 00:13:05]} {[%emt 00:00:28]} 27.
Rf8 {[%clk 00:08:39]} {[%emt 00:06:41]} Kg6 {[%clk 00:12:28]} {[%emt 00:01:07]}
28. Nc6 {[%clk 00:07:59]} {[%emt 00:01:10]} Rxb5 {[%clk 00:09:41]} {[%emt
00:03:16]} 29. f4 {[%clk 00:07:26]} {[%emt 00:01:03]} Ne4 {[%clk 00:08:45]}
{[%emt 00:01:26]} 30. Ne5+ {[%clk 00:07:18]} {[%emt 00:00:38]} Kh7 {[%clk
00:09:05]} {[%emt 00:00:11]} 31. Nxf7 {[%clk 00:07:30]} {[%emt 00:00:18]} Rb1+
{[%clk 00:08:20]} {[%emt 00:01:14]} 32. Kg2 {[%clk 00:07:59]} {[%emt 00:00:01]}
Rb2 {[%clk 00:08:36]} {[%emt 00:00:13]} 33. Kf3 {[%clk 00:07:49]} {[%emt
00:00:41]} Nxf2 {[%clk 00:08:17]} {[%emt 00:00:49]} 34. Rh8+ {[%clk 00:07:22]}
{[%emt 00:00:57]} Kg6 {[%clk 00:08:47]} {[%emt 00:00:01]} 35. Ne5+ {[%clk
00:07:49]} {[%emt 00:00:02]} Kf6 {[%clk 00:07:21]} {[%emt 00:01:55]} 36. Rf8+
{[%clk 00:07:36]} {[%emt 00:00:44]} Ke7 {[%clk 00:07:50]} {[%emt 00:00:01]} 37.
Rf7+ {[%clk 00:07:52]} {[%emt 00:00:14]} Ke8 {[%clk 00:07:53]} {[%emt
00:00:26]} 38. Rxg7 {[%clk 00:08:09]} {[%emt 00:00:13]} Nd1 {[%clk 00:07:49]}
{[%emt 00:00:34]} 39. Rg6 {[%clk 00:04:50]} {[%emt 00:03:49]} Rxh2 {[%clk
00:07:22]} {[%emt 00:00:57]} 40. Rxe6+ {[%clk 00:04:56]} {[%emt 00:00:24]} Kf8
{[%clk 00:07:40]} {[%emt 00:00:11]} 41. Rxb6 {[%clk 00:05:14]} {[%emt
00:00:13]} Rh3+ {[%clk 00:08:02]} {[%emt 00:00:08]} 42. Kg4 {[%clk 00:05:15]}
{[%emt 00:00:30]} Rxe3 {[%clk 00:08:17]} {[%emt 00:00:15]} 43. Rxh6 {[%clk
00:02:29]} {[%emt 00:03:16]} Nf2+ {[%clk 00:08:18]} {[%emt 00:00:28]} 44. Kf5
{[%clk 00:02:45]} {[%emt 00:00:14]} Rh3 {[%clk 00:04:26]} {[%emt 00:04:23]} 45.
Ra6 {[%clk 00:03:02]} {[%emt 00:00:13]} Ke7 {[%clk 00:04:22]} {[%emt 00:00:33]}
46. Ra7+ {[%clk 00:03:20]} {[%emt 00:00:12]} Ke8 {[%clk 00:04:05]} {[%emt
00:00:45]} 47. Kf6 {[%clk 00:02:27]} {[%emt 00:01:25]} Ne4+ {[%clk 00:03:59]}
{[%emt 00:00:37]} 48. Kg6 {[%clk 00:02:11]} {[%emt 00:00:46]} Nd6 {[%clk
00:03:09]} {[%emt 00:01:19]} 49. Rd7 {[%clk 00:01:38]} {[%emt 00:01:04]} Nc4
{[%clk 00:02:44]} {[%emt 00:00:55]} 50. Rd5 {[%clk 00:00:44]} {[%emt 00:01:23]}
Nxe5+ {[%clk 00:02:34]} {[%emt 00:00:41]} 51. Rxe5+ {[%clk 00:01:06]} {[%emt
00:00:07]} Kf8 {[%clk 00:02:57]} {[%emt 00:00:07]} 52. f5 {[%clk 00:01:24]}
{[%emt 00:00:12]} Rg3+ {[%clk 00:02:03]} {[%emt 00:01:24]} 53. Kf6 {[%clk
00:01:51]} {[%emt 00:00:04]} Rg1 {[%clk 00:02:15]} {[%emt 00:00:18]} 54. Ra5
{[%clk 00:02:15]} {[%emt 00:00:06]} Ke8 {[%clk 00:02:18]} {[%emt 00:00:26]} 55.
Ra8+ {[%clk 00:02:38]} {[%emt 00:00:07]} Kd7 {[%clk 00:02:47]} {[%emt
00:00:01]} 56. Kf7 {[%clk 00:02:53]} {[%emt 00:00:15]} Rf1 {[%clk 00:02:56]}
{[%emt 00:00:21]} 57. f6 {[%clk 00:03:18]} {[%emt 00:00:05]} Rg1 {[%clk
00:03:14]} {[%emt 00:00:11]} 58. Kf8 {[%clk 00:02:15]} {[%emt 00:01:34]} Rf1
{[%clk 00:02:45]} {[%emt 00:00:59]} 59. Ra7+ {[%clk 00:02:07]} {[%emt
00:00:38]} Kd8 {[%clk 00:03:04]} {[%emt 00:00:11]} 60. f7 {[%clk 00:02:06]}
{[%emt 00:00:31]} Rg1 {[%clk 00:03:27]} {[%emt 00:00:07]} 61. Ra8+ {[%clk
00:01:51]} {[%emt 00:00:45]} Kd7 {[%clk 00:03:54]} {[%emt 00:00:02]} 62. Re8
{[%clk 00:02:10]} {[%emt 00:00:12]} Rg2 {[%clk 00:04:12]} {[%emt 00:00:12]} 63.
Re3 {[%clk 00:02:34]} {[%emt 00:00:06]} Rg1 {[%clk 00:03:51]} {[%emt 00:00:51]}
64. Rd3+ {[%clk 00:02:49]} {[%emt 00:00:14]} Kc7 {[%clk 00:04:13]} {[%emt
00:00:08]} 65. Rd4 {[%clk 00:03:10]} {[%emt 00:00:10]} Rg2 {[%clk 00:03:57]}
{[%emt 00:00:45]} 66. Ke7 {[%clk 00:03:36]} {[%emt 00:00:04]} Re2 {[%clk
00:04:23]} {[%emt 00:00:04]} 67. Kf6 {[%clk 00:04:01]} {[%emt 00:00:06]} Rf2+
{[%clk 00:04:47]} {[%emt 00:00:06]} 68. Ke6 {[%clk 00:04:19]} {[%emt 00:00:10]}
Rf1 {[%clk 00:03:40]} {[%emt 00:01:38]} 69. Rd5 {[%clk 00:04:42]} {[%emt
00:00:08]} Kc6 {[%clk 00:02:08]} {[%emt 00:02:02]} 70. Rf5 {[%clk 00:05:02]}
{[%emt 00:00:09]} 1-0

[Event "26th 4NCL Congress"]
[Site "Woodland Grange, Leamington Spa"]
[Date "2021.09.12"]
[Round "5.22"]
[White "Bin-Suhayl, Ieysaa"]
[Black "Weersing, Abigail R"]
[Result "1-0"]
[WhiteElo "2269"]
[BlackElo "1945"]
[PlyCount "69"]
[EventDate "2021.09.10"]

1. Nf3 Nf6 2. c4 e6 3. g3 d5 4. Bg2 Bd6 5. O-O O-O 6. d4 c6 7. Nbd2 Nbd7 8. Qc2
e5 9. dxe5 Nxe5 10. Nxe5 Bxe5 11. cxd5 Nxd5 12. Nc4 Bc7 13. e4 Nb6 14. Ne3 Be6
15. b3 Be5 16. Bb2 Qf6 17. Bxe5 Qxe5 18. Rad1 f6 19. f4 Qc7 20. Qc5 Rad8 21.
Nd5 Bxd5 22. exd5 Qd6 23. Qxd6 Rxd6 24. dxc6 Rxd1 25. Rxd1 bxc6 26. Bxc6 Rc8
27. Be4 h6 28. a4 a5 29. Rd6 Rb8 30. Bd3 Kf8 31. Bb5 Ke7 32. Rc6 Nd5 33. Ra6
Nc7 34. Rxa5 Nxb5 35. Rxb5 1-0

[Event "26th 4NCL Congress"]
[Site "Woodland Grange, Leamington Spa"]
[Date "2021.09.12"]
[Round "5.23"]
[White "Elwin, Adrian G"]
[Black "Gardiner, Eric D"]
[Result "1/2-1/2"]
[WhiteElo "2043"]
[BlackElo "2103"]
[PlyCount "133"]
[EventDate "2021.09.10"]

1. d4 d5 2. c4 dxc4 3. Nc3 a6 4. a4 Nc6 5. e3 Na5 6. Be2 Nf6 7. Nf3 Bg4 8. Ne5
Bxe2 9. Qxe2 e6 10. Nxc4 Nxc4 11. Qxc4 Be7 12. O-O O-O 13. e4 b5 14. Qd3 b4 15.
Ne2 e5 16. Rd1 c5 17. d5 Qd6 18. Ng3 g6 19. Nf1 Nd7 20. Ne3 Nb6 21. a5 Nd7 22.
Nc4 Qb8 23. b3 Bf6 24. Be3 Bg7 25. Rac1 Re8 26. f3 Ra7 27. Qd2 Rb7 28. Qf2 Rb5
29. g3 Qc7 30. f4 Rxa5 31. Nxa5 Qxa5 32. f5 Qb5 33. fxg6 fxg6 34. Rf1 Rf8 35.
Qc2 Rc8 36. Qc4 Bf8 37. Qc2 Bg7 38. Rf2 a5 39. Qc4 Qxc4 40. Rxc4 Bf8 41. Ra2 a4
42. bxa4 b3 43. Rb2 Nb6 44. Rc3 Nxa4 45. Rbxb3 Nxc3 46. Rxc3 c4 47. Kf2 Bb4 48.
Rc2 Kf7 49. Ke2 Ke7 50. Bd2 Bxd2 51. Kxd2 Kd6 52. Kc3 Ra8 53. Kxc4 Ra4+ 54. Kd3
Ra3+ 55. Rc3 Ra2 56. Rc6+ Kd7 57. Re6 Rxh2 58. Rxe5 Rg2 59. Rg5 Kd6 60. Kd4
Rd2+ 61. Ke3 Rd1 62. Rg4 Ke5 63. Rf4 Ra1 64. Rf7 Ra3+ 65. Kf2 Kxe4 66. d6 Rd3
67. Re7+ 1/2-1/2